03319nam a2200373 a 450000100100000000500170001000800410002702000180006804000250008608200160011111000740012724500410020124600690024225000110031126000670032230000190038950507870040895201250119595201240132095201230144495201230156795201230169095201080181395201090192195201160203095201090214695201150225595201140237095201080248495201140259295201080270695201140281499900170292800003619720200930074939.0120111s2011 dr 000 0 spa d a9789945164374 aDO-SdBNPbspacBNPHU axxxxbR426s1 aRepública Dominicana.bContraloria General de la República92162410aSistema Nacional de Control interno.13aGuía para el dignóstico del Sistema de Control Interno (SCI) a2a ed. aSanto Domingo :bContraloria General de la República,c2011. a5 v. ;c26 cm.0 gGuía 1 : ambiente de controltPauta No 1-001 diagnóstico del componente ambiental de control --tPauta No 1-002 preparación o ajuste del código de ética pública a la medida de cada institución --gGuía 2 : valoración y administración de riesgos --tPauta No 2-001 diagnóstico del componente valoración y administración de riesgos --tPauta No 2-002 herramientas para la valoración y administración de riesgos --gGuía 3 : actividades de control --tPauta No 3-001 diagnóstico del componente actividades de control --gGuía 4 : información y comunicación --tPauta No 4-001 diagnósto del componente información y comunicación --gGuía 5 : monitoreo y evaluación --tpauta No 5-001 dianóstico del componente monitoreo y evaluación 001054708PDaGRbGRcHDd2012-01-11iLF1l0ov. 4 , e. 3p36197-120r2020-06-25w2020-06-25yLFPDZPréstamo en sala 001054708PDaGRbGRcHDd2012-01-11iLF1l0ov. 5, e. 3p36197-150r2020-06-25w2020-06-25yLFPDZPréstamo en sala 001054708PDaGRbGRcHDd2012-01-11iLF1l0ov. 1, e. 3p36197-30r2020-06-25w2020-06-25yLFPDZPréstamo en sala 001052708PDaGRbGRcHDd2012-01-11iLF1l0ov. 2, e. 3p36197-60r2020-06-25w2020-06-25yLFPDZPréstamo interno 001054708PDaGRbGRcHDd2012-01-11iLF1l0ov. 3, e. 3p36197-90r2020-06-25w2020-06-25yLFPDZPréstamo en sala 0010718PDaPDbPDcHDd2012-01-11iLF1l0ov. 1p36197-10r2020-06-25w2020-06-25yLFPDZNo se presta 0010718PDaPDbPDcHDd2012-01-11iLF1l0ov. 4p36197-100r2020-06-25w2020-06-25yLFPDZNo se presta 0010718PDaPDbPDcHDd2012-01-11iLF1l0ov. 4 , e. 2p36197-110r2020-06-25w2020-06-25yLFPDZNo se presta 0010718PDaPDbPDcHDd2012-01-11iLF1l0ov. 5p36197-130r2020-06-25w2020-06-25yLFPDZNo se presta 0010718PDaPDbPDcHDd2012-01-11iLF1l0ov. 5, e. 2p36197-140r2020-06-25w2020-06-25yLFPDZNo se presta 0010718PDaPDbPDcHDd2012-01-11iLF1l0ov. 1, e. 2p36197-20r2020-06-25w2020-06-25yLFPDZNo se presta 0010718PDaPDbPDcHDd2012-01-11iLF1l0ov. 2p36197-40r2020-06-25w2020-06-25yLFPDZNo se presta 0010718PDaPDbPDcHDd2012-01-11iLF1l0ov. 2, e. 2p36197-50r2020-06-25w2020-06-25yLFPDZNo se presta 0010718PDaPDbPDcHDd2012-01-11iLF1l0ov. 3p36197-70r2020-06-25w2020-06-25yLFPDZNo se presta 0010718PDaPDbPDcHDd2012-01-11iLF1l0ov. 3, e. 2p36197-80r2020-06-25w2020-06-25yLFPDZNo se presta c35688d35688